Fundamentals of signals and systems using the Web and MATLAB (Record no. 10073)
[ view plain ]
| 000 -LEADER | |
|---|---|
| fixed length control field | 00569 a2200181 4500 |
| 020 ## - INTERNATIONAL STANDARD BOOK NUMBER | |
| International Standard Book Number | 0130172936 |
| 040 ## - CATALOGING SOURCE | |
| Original cataloging agency | DLC |
| Language of cataloging | DLC |
| 082 00 - DEWEY DECIMAL CLASSIFICATION NUMBER | |
| Classification number | 621.38223 |
| 100 1# - MAIN ENTRY--PERSONAL NAME | |
| Personal name | Kamen, Edward W. |
| 245 10 - TITLE STATEMENT | |
| Title | Fundamentals of signals and systems using the Web and MATLAB |
| Statement of responsibility, etc. | Edward W. Kamen, Bonnie S. Heck. |
| 250 ## - EDITION STATEMENT | |
| Edition statement | 2nd ed. |
| 260 ## - PUBLICATION, DISTRIBUTION, ETC. | |
| Place of publication, distribution, etc. | Upper Saddle River, NJ : |
| Name of publisher, distributor, etc. | Prentice Hall, |
| Date of publication, distribution, etc. | c2000. |
| 300 ## - PHYSICAL DESCRIPTION | |
| Extent | ix, 722 p. : |
| Other physical details | ill. ; |
| Dimensions | 25 cm. |
| 650 #0 - SUBJECT ADDED ENTRY--TOPICAL TERM | |
| Topical term or geographic name entry element | Signal processing |
| General subdivision | Digital techniques. |
| 650 #0 - SUBJECT ADDED ENTRY--TOPICAL TERM | |
| Topical term or geographic name entry element | System analysis. |
| 700 1# - ADDED ENTRY--PERSONAL NAME | |
| Personal name | Heck, Bonnie S. |
| 942 ## - ADDED ENTRY ELEMENTS (KOHA) | |
| Koha item type | Book |
| Call number prefix | 621.38223 KAM |
| Source of classification or shelving scheme | |
| Withdrawn status | Lost status | Damaged status | Not for loan | Collection code | Permanent Location | Current Location | Shelving location | Date acquired | Source of acquisition | Cost, normal purchase price | Total Checkouts | Total Renewals | Full call number | Barcode | Date last seen | Date last checked out | Price effective from | Koha item type |
|---|---|---|---|---|---|---|---|---|---|---|---|---|---|---|---|---|---|---|
| Central Library (CL) | Central Library (CL) | General Stacks | 05/22/2004 | Progressive International Agencies | 6889.68 | 1 | 1 | 621.38223 KAM | SEECS004545 | 11/15/2024 | 02/04/2014 | 01/05/2017 | Book |
